[Event "Dun Laoghaire Centenary IM 2010"]
[Site "Dun Laoghaire IRL"]
[Date "2010.08.21"]
[Round "1"]
[White "Brady, Stephen"]
[Black "Ansell, Simon"]
[Result "0-1"]
[WhiteTitle "FM"]
[BlackTitle "IM"]
[WhiteElo "2376"]
[BlackElo "2398"]
[WhiteICU "2354"]
[WhiteClub "Phibsboro"]
[WhiteNationality "IRL"]
[BlackNationality "ENG"]
[WhiteFideId "2500124"]
[BlackFideId "402141"]
[PlyCount "116"]
[EventDate "2010.08.21"]
[Source "TWIC 825"]
[EventFullName "D&uacute;n Laoghaire Centenary IM 2010"]

{ Event information: <a
href="http://www.irlchess.com/dunlaoghaireim2010_allfiles/pairings_dunlaoghaireim2010.html">Tournament
report</a>. }

1. e4 c6 2. Nc3 d5 3. Qf3 e6 4. Nh3 Nd7 5. d4 dxe4 6. Nxe4 Ndf6 7. c3 Nxe4
8. Qxe4 Nf6 9. Qf3 Bd6 10. Bf4 O-O 11. Bd3 c5 12. dxc5 Bxf4 13. Nxf4 e5 14.
O-O-O Bg4 15. Qxb7 Bxd1 16. Rxd1 Qc8 17. Qxc8 Raxc8 18. Ne2 Rxc5 19. Ng3
Rd5 20. c4 Rd7 21. Nh5 Rfd8 22. Nxf6+ gxf6 23. Kc2 Kf8 24. b4 Ke7 25. a4 e4
26. Be2 Rxd1 27. Bxd1 a5 28. bxa5 Kd6 29. Bg4 Rg8 30. Bf5 Ke5 31. Bd7 Kd6
32. Bf5 Rxg2 33. Bxe4 Rxf2+ 34. Kc3 Re2 35. Bxh7 Rxh2 36. Be4 Kc5 37. Bd5
Rh3+ 38. Kd2 Ra3 39. Bxf7 Rxa4 40. Kd3 Rxa5 41. Ke4 Kd6 42. Bd5 Rc5 43. Kf5
Ke7 44. Kf4 Rc8 45. Ke4 Rh8 46. c5 Rh4+ 47. Ke3 Ra4 48. c6 Kd6 49. Bg2 Ke5
50. Kd3 Ra7 51. Kc4 Kd6 52. Kd4 Re7 53. Be4 Rg7 54. Ke3 Ke5 55. Bf3 Ra7 56.
Be2 Ra3+ 57. Kd2 Kd6 58. Bb5 Ra5 0-1

[Event "Dun Laoghaire Centenary IM 2010"]
[Site "Dun Laoghaire IRL"]
[Date "2010.08.21"]
[Round "1"]
[White "Griffiths, Ryan-Rhys"]
[Black "Daly, Colm"]
[Result "1/2-1/2"]
[BlackTitle "FM"]
[WhiteElo "2249"]
[BlackElo "2322"]
[WhiteICU "2251"]
[BlackICU "2303"]
[WhiteClub "Kilkenny"]
[BlackClub "Bray/Greystones"]
[WhiteNationality "IRL"]
[BlackNationality "IRL"]
[WhiteFideId "2502054"]
[BlackFideId "2500434"]
[PlyCount "112"]
[EventDate "2010.08.21"]
[Source "TWIC 825"]
[EventFullName "D&uacute;n Laoghaire Centenary IM 2010"]

{ Event information: <a
href="http://www.irlchess.com/dunlaoghaireim2010_allfiles/pairings_dunlaoghaireim2010.html">Tournament
report</a>. }

1. c4 g6 2. g3 Bg7 3. Bg2 d6 4. Nc3 Nc6 5. e4 h5 6. h4 Nd4 7. Nge2 Bg4 8.
O-O Bxe2 9. Nxe2 c5 10. d3 e6 11. Rb1 a5 12. Be3 Nxe2+ 13. Qxe2 Ne7 14. f4
Nc6 15. f5 Nd4 16. Bxd4 Bxd4+ 17. Kh1 Be5 18. Rf3 g5 19. fxe6 fxe6 20. hxg5
Qxg5 21. Bh3 Ke7 22. Rbf1 Raf8 23. Bxe6 Bxg3 24. Bh3 Be5 25. Qf2 Rf6 26.
Rxf6 Qxf6 27. Qg2 Qh4 28. Qf3 Qf6 29. Qg2 Qg7 30. Qf3 Rf8 31. Qxh5 Rxf1+
32. Bxf1 Qg3 33. Qh3 Qf2 34. Qg2 Qe1 35. b3 Qc1 36. Qf3 Qd2 37. Qg2 Qf4 38.
Qh3 Bd4 39. Qg2 Kf6 40. Qh3 Ke7 41. Qg2 b6 42. Qh3 Be5 43. Qg2 Kd7 44. Qh3+
Kd8 45. Qg2 Kc7 46. Qh3 Kb8 47. Qg2 Ka7 48. Qh3 Kb8 49. Qg2 a4 50. bxa4 Ka7
51. a5 bxa5 52. a4 Kb6 53. Qh3 Qd2 54. Qh4 Kc6 55. Qh3 Kc7 56. Qh4 Kc6
1/2-1/2

[Event "Dun Laoghaire Centenary IM 2010"]
[Site "Dun Laoghaire IRL"]
[Date "2010.08.21"]
[Round "1"]
[White "Short, Philip"]
[Black "Fitzsimons, David"]
[Result "0-1"]
[WhiteTitle "FM"]
[WhiteElo "2296"]
[BlackElo "2263"]
[WhiteICU "2238"]
[BlackICU "2260"]
[BlackClub "Elm Mount"]
[WhiteNationality "IRL"]
[BlackNationality "IRL"]
[WhiteFideId "2500086"]
[BlackFideId "2501961"]
[PlyCount "108"]
[EventDate "2010.08.21"]
[Source "TWIC 825"]
[EventFullName "D&uacute;n Laoghaire Centenary IM 2010"]

{ Event information: <a
href="http://www.irlchess.com/dunlaoghaireim2010_allfiles/pairings_dunlaoghaireim2010.html">Tournament
report</a>. }

1. d4 Nf6 2. Nf3 c5 3. e3 e6 4. Bd3 b6 5. O-O Bb7 6. c3 Be7 7. Nbd2 cxd4 8.
cxd4 Nc6 9. a3 O-O 10. e4 Qc7 11. Qe2 Rac8 12. b4 g6 13. Bb2 d5 14. e5 Nh5
15. g3 Ng7 16. Rac1 Qb8 17. h4 f6 18. exf6 Bxf6 19. Ne5 Qd6 20. Ndf3 Nf5
21. Nxc6 Bxc6 22. Ne5 Bxe5 23. Qxe5 Qxe5 24. dxe5 Bb7 25. Bb5 Rf7 26. Rxc8+
Bxc8 27. Rc1 Bd7 28. Bd3 Ba4 29. Kg2 Kg7 30. Rc8 Rd7 31. Kh3 Ne7 32. Rc1
Kf7 33. g4 Nc6 34. f4 a5 35. Bc3 axb4 36. axb4 Na7 37. Bd4 Bb5 38. Bxb5
Nxb5 39. Bxb6 d4 40. Kg3 d3 41. Be3 d2 42. Bxd2 Rd3+ 43. Kf2 Rxd2+ 44. Ke3
Rb2 45. Rc8 Rb3+ 46. Kf2 Rxb4 47. Kg3 h5 48. gxh5 gxh5 49. Rh8 Rb3+ 50. Kg2
Kg6 51. Rf8 Nd4 52. Rf6+ Kg7 53. Kh2 Rb6 54. Kg2 Nf5 0-1

[Event "Dun Laoghaire Centenary IM 2010"]
[Site "Dun Laoghaire IRL"]
[Date "2010.08.21"]
[Round "1"]
[White "Tvarijonas, Povilas"]
[Black "Moskow, Eric"]
[Result "0-1"]
[WhiteTitle "FM"]
[WhiteElo "2370"]
[BlackElo "2193"]
[WhiteNationality "LTU"]
[BlackNationality "USA"]
[WhiteFideId "12802581"]
[BlackFideId "2003546"]
[PlyCount "68"]
[EventDate "2010.08.21"]
[Source "TWIC 825"]
[EventFullName "D&uacute;n Laoghaire Centenary IM 2010"]

{ Event information: <a
href="http://www.irlchess.com/dunlaoghaireim2010_allfiles/pairings_dunlaoghaireim2010.html">Tournament
report</a>. }

1. e4 c5 2. Nf3 d6 3. d4 cxd4 4. Nxd4 Nf6 5. Nc3 g6 6. f4 Nc6 7. Nxc6 bxc6
8. e5 Nd7 9. exd6 exd6 10. Be3 Be7 11. Bc4 Nf6 12. Qf3 d5 13. Bb3 O-O 14.
h3 Bb4 15. O-O Re8 16. Bd4 Ne4 17. Rad1 Bf5 18. Nxe4 Bxe4 19. Qf2 Qe7 20.
c3 Bd6 21. Rfe1 Qc7 22. Be3 a5 23. Ba4 Rab8 24. Rd2 Re6 25. Rf1 c5 26. Rfd1
Rf6 27. Rf1 g5 28. Qg3 Rg6 29. Qh2 d4 30. cxd4 cxd4 31. Rxd4 Bxg2 32. Rc1
Qe7 33. Bd2 gxf4 34. Kf2 Qa7 0-1

[Event "Dun Laoghaire Centenary IM 2010"]
[Site "Dun Laoghaire IRL"]
[Date "2010.08.22"]
[Round "2"]
[White "Fitzsimons, David"]
[Black "Griffiths, Ryan-Rhys"]
[Result "1-0"]
[WhiteElo "2263"]
[BlackElo "2249"]
[WhiteICU "2260"]
[BlackICU "2251"]
[WhiteClub "Elm Mount"]
[BlackClub "Kilkenny"]
[WhiteNationality "IRL"]
[BlackNationality "IRL"]
[WhiteFideId "2501961"]
[BlackFideId "2502054"]
[PlyCount "65"]
[EventDate "2010.08.21"]
[Source "TWIC 825"]
[EventFullName "D&uacute;n Laoghaire Centenary IM 2010"]

{ Annotator: Alexander Baburin, <a
href="https://www.icu.ie/system/downloads/000/000/091/CT-3577.pdf?1406111140"><em>Chess
Today</em>, issue 3577 (August 24, 2010), p. 2</a>; &mdash;, <a
href="https://www.icu.ie/system/downloads/000/000/003/icj_1010.pdf#page=26"><em>Irish
Chess Journal</em>, October 2010, p. 26</a>; Anon., <a
href="http://www.icu.ie/games/29668">ICU games collection (game 29668)</a>.
} { Event information: <a
href="http://www.irlchess.com/dunlaoghaireim2010_allfiles/pairings_dunlaoghaireim2010.html">Tournament
report</a>. }

1. d4 Nf6 2. c4 e6 3. g3 d5 4. Nf3 Bb4+ 5. Bd2 Be7 6. Bg2 O-O 7. O-O c6 8.
Qc2 b6 9. Bf4 Ba6 10. b3 Nbd7 11. Nbd2 Nh5 12. Rfd1 Rc8 13. Ne5 Nxf4 14.
gxf4 c5 15. Nxd7 Qxd7 16. dxc5 Bxc5 17. f5 Qe7 18. e3 Bd6 19. a4 Bb8 20.
Rac1 Qc7 21. h3 dxc4 22. Nxc4 Qh2+ 23. Kf1 exf5 24. Qxf5 Rc5 25. Qf3 b5 26.
axb5 Rxb5 27. Rd7 Bc8 28. Rcd1 Bxd7 29. Rxd7 Rxb3 $4 (29... g6 $19) 30.
Qxf7+ $1 Rxf7 31. Rd8+ Rf8 32. Bd5+ Kh8 33. Rxf8# 1-0

[Event "Dun Laoghaire Centenary IM 2010"]
[Site "Dun Laoghaire IRL"]
[Date "2010.08.22"]
[Round "2"]
[White "Moskow, Eric"]
[Black "Ansell, Simon"]
[Result "0-1"]
[BlackTitle "IM"]
[WhiteElo "2193"]
[BlackElo "2398"]
[WhiteNationality "USA"]
[BlackNationality "ENG"]
[WhiteFideId "2003546"]
[BlackFideId "402141"]
[PlyCount "50"]
[EventDate "2010.08.21"]
[Source "TWIC 825"]
[EventFullName "D&uacute;n Laoghaire Centenary IM 2010"]

{ Event information: <a
href="http://www.irlchess.com/dunlaoghaireim2010_allfiles/pairings_dunlaoghaireim2010.html">Tournament
report</a>. }

1. Nf3 d6 2. c4 e5 3. Nc3 f5 4. d3 Nf6 5. g3 Be7 6. Bg2 O-O 7. O-O Qe8 8.
e3 Kh8 9. Rb1 a5 10. a3 Nc6 11. b4 axb4 12. axb4 Nd8 13. Nd5 Nxd5 14. cxd5
Bd7 15. Bb2 Bb5 16. Re1 c6 17. e4 cxd5 18. exd5 Nf7 19. Nh4 Bxh4 20. gxh4
Qd8 21. h5 Qh4 22. Re3 Ng5 23. Rg3 Bd7 24. d4 f4 25. Rc3 f3 0-1

[Event "Dun Laoghaire Centenary IM 2010"]
[Site "Dun Laoghaire IRL"]
[Date "2010.08.22"]
[Round "2"]
[White "Tvarijonas, Povilas"]
[Black "Rodriguez Lopez, Rafael"]
[Result "1/2-1/2"]
[WhiteTitle "FM"]
[BlackTitle "IM"]
[WhiteElo "2370"]
[BlackElo "2312"]
[WhiteNationality "LTU"]
[BlackNationality "ESP"]
[WhiteFideId "12802581"]
[BlackFideId "2204495"]
[PlyCount "111"]
[EventDate "2010.08.21"]
[Source "TWIC 825"]
[EventFullName "D&uacute;n Laoghaire Centenary IM 2010"]

{ Event information: <a
href="http://www.irlchess.com/dunlaoghaireim2010_allfiles/pairings_dunlaoghaireim2010.html">Tournament
report</a>. }

1. e4 c5 2. Nf3 d6 3. d4 cxd4 4. Nxd4 Nf6 5. Nc3 a6 6. Bg5 Nbd7 7. Be2 e6
8. O-O Be7 9. a4 O-O 10. Qd2 Qc7 11. Qe3 b6 12. Qg3 Re8 13. Bh6 Bf8 14.
Rae1 Bb7 15. Bd1 Rac8 16. Kh1 d5 17. e5 Ne4 18. Nxe4 dxe4 19. Bf4 g6 20. f3
Bg7 21. fxe4 Bxe5 22. Bxe5 Nxe5 23. c3 Nc4 24. Qf2 Ne5 25. Re3 Qe7 26. Qf4
f6 27. Bb3 Nc4 28. Bxc4 Rxc4 29. e5 fxe5 30. Qxe5 Rxa4 31. Qxe6+ Qxe6 32.
Rxe6 Rxe6 33. Nxe6 h5 34. h3 Bd5 35. Rf6 Re4 36. Rf8+ Kh7 37. Ng5+ Kg7 38.
Rd8 Re5 39. h4 Kf6 40. Rd6+ Kf5 41. Kh2 b5 42. Nh7 Be6 43. Nf8 Re2 44. Kg3
Bc4 45. b4 g5 46. hxg5 Kxg5 47. Nh7+ Kf5 48. Rxa6 Re3+ 49. Kh4 Rxc3 50.
Kxh5 Rg3 51. Rf6+ Ke5 52. Rf2 Bd5 53. Re2+ Kd4 54. Ng5 Rxg2 55. Rxg2 Bxg2
56. Ne6+ 1/2-1/2

[Event "Dun Laoghaire Centenary IM 2010"]
[Site "Dun Laoghaire IRL"]
[Date "2010.08.23"]
[Round "3"]
[White "Ansell, Simon"]
[Black "Daly, Colm"]
[Result "1/2-1/2"]
[WhiteTitle "IM"]
[BlackTitle "FM"]
[WhiteElo "2398"]
[BlackElo "2322"]
[BlackICU "2303"]
[BlackClub "Bray/Greystones"]
[WhiteNationality "ENG"]
[BlackNationality "IRL"]
[WhiteFideId "402141"]
[BlackFideId "2500434"]
[PlyCount "42"]
[EventDate "2010.08.21"]
[Source "TWIC 825"]
[EventFullName "D&uacute;n Laoghaire Centenary IM 2010"]

{ Event information: <a
href="http://www.irlchess.com/dunlaoghaireim2010_allfiles/pairings_dunlaoghaireim2010.html">Tournament
report</a>. }

1. d4 Nf6 2. Nf3 e6 3. g3 b5 4. Bg2 Bb7 5. O-O Be7 6. Nbd2 O-O 7. c4 a6 8.
Qc2 bxc4 9. Qxc4 Qc8 10. b3 Bd5 11. Qd3 Qb7 12. Ne1 Bxg2 13. Nxg2 d5 14.
Bb2 Nbd7 15. Rac1 Rfc8 16. Nf4 a5 17. Rc2 c5 18. dxc5 Nxc5 19. Qe3 Ncd7 20.
Rxc8+ Rxc8 21. Nd3 Bd6 1/2-1/2

[Event "Dun Laoghaire Centenary IM 2010"]
[Site "Dun Laoghaire IRL"]
[Date "2010.08.23"]
[Round "3"]
[White "Griffiths, Ryan-Rhys"]
[Black "Cech, Pavel"]
[Result "1/2-1/2"]
[BlackTitle "IM"]
[WhiteElo "2249"]
[BlackElo "2410"]
[WhiteICU "2251"]
[WhiteClub "Kilkenny"]
[WhiteNationality "IRL"]
[BlackNationality "CZE"]
[WhiteFideId "2502054"]
[BlackFideId "302139"]
[PlyCount "48"]
[EventDate "2010.08.21"]
[Source "TWIC 825"]
[EventFullName "D&uacute;n Laoghaire Centenary IM 2010"]
[BlackFullName "&#268;ech, Pavel"]

{ Event information: <a
href="http://www.irlchess.com/dunlaoghaireim2010_allfiles/pairings_dunlaoghaireim2010.html">Tournament
report</a>. }

1. c4 e5 2. g3 Nf6 3. Bg2 Be7 4. Nc3 O-O 5. Nf3 d6 6. d4 Nbd7 7. O-O c6 8.
b3 Re8 9. Qc2 Qc7 10. Ba3 Nf8 11. Rac1 a6 12. Rfd1 Qa5 13. Bb2 exd4 14.
Nxd4 Qh5 15. Ne4 Bh3 16. Nxf6+ Bxf6 17. Bxh3 Qxh3 18. Rd2 Rad8 19. Rcd1 Re5
20. Nf3 Re6 21. Bxf6 Rxf6 22. Rd4 h6 23. Qe4 Re6 24. Qc2 Ng6 1/2-1/2

[Event "Dun Laoghaire Centenary IM 2010"]
[Site "Dun Laoghaire IRL"]
[Date "2010.08.23"]
[Round "3"]
[White "Rodriguez Lopez, Rafael"]
[Black "Moskow, Eric"]
[Result "1-0"]
[WhiteTitle "IM"]
[WhiteElo "2312"]
[BlackElo "2193"]
[WhiteNationality "ESP"]
[BlackNationality "USA"]
[WhiteFideId "2204495"]
[BlackFideId "2003546"]
[PlyCount "33"]
[EventDate "2010.08.21"]
[Source "TWIC 825"]
[EventFullName "D&uacute;n Laoghaire Centenary IM 2010"]

{ Event information: <a
href="http://www.irlchess.com/dunlaoghaireim2010_allfiles/pairings_dunlaoghaireim2010.html">Tournament
report</a>. }

1. e4 c5 2. Nf3 d6 3. d4 cxd4 4. Nxd4 Nf6 5. Nc3 g6 6. Be3 Bg7 7. f3 Nc6 8.
Bc4 Bd7 9. Bb3 Rc8 10. Qd2 O-O 11. h4 h5 12. O-O-O Ne5 13. Kb1 Re8 14. Bh6
Bh8 15. g4 hxg4 16. h5 g5 17. Qxg5+ 1-0

[Event "Dun Laoghaire Centenary IM 2010"]
[Site "Dun Laoghaire IRL"]
[Date "2010.08.23"]
[Round "3"]
[White "Short, Philip"]
[Black "Tvarijonas, Povilas"]
[Result "1/2-1/2"]
[WhiteTitle "FM"]
[BlackTitle "FM"]
[WhiteElo "2296"]
[BlackElo "2370"]
[WhiteICU "2238"]
[WhiteNationality "IRL"]
[BlackNationality "LTU"]
[WhiteFideId "2500086"]
[BlackFideId "12802581"]
[PlyCount "94"]
[EventDate "2010.08.21"]
[Source "TWIC 825"]
[EventFullName "D&uacute;n Laoghaire Centenary IM 2010"]

{ Event information: <a
href="http://www.irlchess.com/dunlaoghaireim2010_allfiles/pairings_dunlaoghaireim2010.html">Tournament
report</a>. }

1. d4 d5 2. Nf3 Nf6 3. c4 e6 4. Nc3 Nbd7 5. Bf4 a6 6. e3 Be7 7. Qc2 O-O 8.
c5 Nh5 9. Bd3 f5 10. h4 Ndf6 11. Ne2 Ng4 12. Be5 Bd7 13. Nf4 Nxf4 14. Bxf4
Bb5 15. g3 c6 16. Kf1 Qe8 17. Kg2 Bxd3 18. Qxd3 Rf7 19. Ne5 Nxe5 20. Bxe5
Bf6 21. b4 Rd8 22. Bxf6 gxf6 23. f3 Rg7 24. Kf2 Qg6 25. Rag1 h5 26. Ke2 Re8
27. Kd2 e5 28. Rh2 Qh6 29. f4 exf4 30. exf4 Re4 31. Re2 Rge7 32. Rxe4 Rxe4
33. Re1 Qg6 34. Rxe4 fxe4 35. Qe3 Qg4 36. Qf2 Kf7 37. f5 Ke7 38. a4 a5 39.
bxa5 Qg8 40. Qf4 Qd8 41. Ke2 Ke8 42. a6 Qa8 43. Qc7 Qxa6+ 44. Kf2 Qxa4 45.
Qc8+ Ke7 46. Qc7+ Ke8 47. Qc8+ Ke7 1/2-1/2

[Event "Dun Laoghaire Centenary IM 2010"]
[Site "Dun Laoghaire IRL"]
[Date "2010.08.24"]
[Round "4"]
[White "Cech, Pavel"]
[Black "Brady, Stephen"]
[Result "1/2-1/2"]
[WhiteTitle "IM"]
[BlackTitle "FM"]
[WhiteElo "2410"]
[BlackElo "2376"]
[BlackICU "2354"]
[BlackClub "Phibsboro"]
[WhiteNationality "CZE"]
[BlackNationality "IRL"]
[WhiteFideId "302139"]
[BlackFideId "2500124"]
[PlyCount "40"]
[EventDate "2010.08.21"]
[Source "TWIC 825"]
[EventFullName "D&uacute;n Laoghaire Centenary IM 2010"]
[WhiteFullName "&#268;ech, Pavel"]

{ Event information: <a
href="http://www.irlchess.com/dunlaoghaireim2010_allfiles/pairings_dunlaoghaireim2010.html">Tournament
report</a>. }

1. Nf3 e6 2. c4 Nf6 3. Nc3 Bb4 4. g3 O-O 5. Bg2 d5 6. cxd5 exd5 7. d4 a5 8.
O-O c6 9. Ne5 Re8 10. Bg5 Nbd7 11. Nd3 h6 12. Bxf6 Qxf6 13. e3 Qe7 14. Nxb4
axb4 15. Nb1 Nf6 16. Nd2 Bf5 17. Qb3 h5 18. h3 Qd6 19. a3 bxa3 20. Rxa3
Rxa3 1/2-1/2

[Event "Dun Laoghaire Centenary IM 2010"]
[Site "Dun Laoghaire IRL"]
[Date "2010.08.24"]
[Round "4"]
[White "Fitzsimons, David"]
[Black "Ansell, Simon"]
[Result "0-1"]
[BlackTitle "IM"]
[WhiteElo "2263"]
[BlackElo "2398"]
[WhiteICU "2260"]
[WhiteClub "Elm Mount"]
[WhiteNationality "IRL"]
[BlackNationality "ENG"]
[WhiteFideId "2501961"]
[BlackFideId "402141"]
[PlyCount "90"]
[EventDate "2010.08.21"]
[Source "TWIC 825"]
[EventFullName "D&uacute;n Laoghaire Centenary IM 2010"]

{ Annotator: Michael Adams, <a
href="http://www.michaeladamschess.co.uk/wp-content/uploads/2010/05/Sep-04.pdf">Warm
welcome from Ireland</a>, <em>The Telegraph</em>, September 4, 2010;
&mdash;, <a
href="https://www.icu.ie/system/downloads/000/000/003/icj_1010.pdf#page=29"><em>Irish
Chess Journal</em>, October 2010, pp. 29-30</a>. } { Event information: <a
href="http://www.irlchess.com/dunlaoghaireim2010_allfiles/pairings_dunlaoghaireim2010.html">Tournament
report</a>. }

1. e4 c6 2. d4 d5 3. exd5 cxd5 4. c4 Nf6 5. Nc3 Nc6 6. Nf3 Be6 7. c5 g6 8.
Bb5 Bg7 9. Ne5 Qc8 10. O-O O-O 11. Bxc6 bxc6 12. Qa4 Bd7 13. Re1 Be8 14. h3
Qb7 15. Re2 Kh8 16. Bf4 Ng8 17. b4 f6 18. Nf3 Bd7 19. Qa5 Rae8 20. Rae1 g5
21. Bg3 g4 22. hxg4 Bxg4 23. Nd1 Nh6 24. Ne3 Bd7 25. Nc2 Nf5 26. Qc7 Qxc7
27. Bxc7 Bh6 28. a4 Rg8 29. Rb1 a6 30. Na1 Rg4 31. Nb3 Rc8 32. Bb6 Rcg8 33.
g3 Bf4 34. Rbb2 h5 35. Nh2 R4g7 36. Kg2 h4 37. Kf3 e5 38. dxe5 fxe5 39. Bc7
hxg3 40. fxg3 Rxg3+ 41. Kf2 Be3+ 42. Rxe3 Rxe3 43. Nf1 Re4 44. Nbd2 Rf4+
45. Nf3 Re8 0-1

[Event "Dun Laoghaire Centenary IM 2010"]
[Site "Dun Laoghaire IRL"]
[Date "2010.08.24"]
[Round "4"]
[White "Rodriguez Lopez, Rafael"]
[Black "Short, Philip"]
[Result "1-0"]
[WhiteTitle "IM"]
[BlackTitle "FM"]
[WhiteElo "2312"]
[BlackElo "2296"]
[BlackICU "2238"]
[WhiteNationality "ESP"]
[BlackNationality "IRL"]
[WhiteFideId "2204495"]
[BlackFideId "2500086"]
[PlyCount "75"]
[EventDate "2010.08.21"]
[Source "TWIC 825"]
[EventFullName "D&uacute;n Laoghaire Centenary IM 2010"]

{ Event information: <a
href="http://www.irlchess.com/dunlaoghaireim2010_allfiles/pairings_dunlaoghaireim2010.html">Tournament
report</a>. }

1. e4 e6 2. d4 d5 3. Nc3 Bb4 4. e5 c5 5. a3 Bxc3+ 6. bxc3 Qc7 7. Nf3 b6 8.
Bb5+ Bd7 9. Bd3 Ba4 10. h4 cxd4 11. cxd4 Qc3+ 12. Bd2 Qxd3 13. cxd3 Bxd1
14. Kxd1 Nc6 15. h5 h6 16. Bc3 Nge7 17. Nh4 Kd7 18. g4 g6 19. Ng2 Rag8 20.
f3 gxh5 21. Rxh5 Nf5 22. Ne1 Nfxd4 23. Rb1 Ke7 24. Kd2 f6 25. exf6+ Kf7 26.
Ke3 e5 27. Bxd4 exd4+ 28. Kf2 Rg5 29. Rh4 Rg6 30. Rc1 Rxf6 31. g5 Re6 32.
f4 Kg7 33. f5 Rd6 34. f6+ Kg6 35. Nf3 Rh7 36. Rch1 h5 37. Rf4 Nd8 38. Rg1
1-0

[Event "Dun Laoghaire Centenary IM 2010"]
[Site "Dun Laoghaire IRL"]
[Date "2010.08.24"]
[Round "4"]
[White "Tvarijonas, Povilas"]
[Black "Griffiths, Ryan-Rhys"]
[Result "1-0"]
[WhiteTitle "FM"]
[WhiteElo "2370"]
[BlackElo "2249"]
[BlackICU "2251"]
[BlackClub "Kilkenny"]
[WhiteNationality "LTU"]
[BlackNationality "IRL"]
[WhiteFideId "12802581"]
[BlackFideId "2502054"]
[PlyCount "147"]
[EventDate "2010.08.21"]
[Source "TWIC 825"]
[EventFullName "D&uacute;n Laoghaire Centenary IM 2010"]

{ Event information: <a
href="http://www.irlchess.com/dunlaoghaireim2010_allfiles/pairings_dunlaoghaireim2010.html">Tournament
report</a>. }

1. e4 c5 2. Nf3 d6 3. d4 cxd4 4. Nxd4 Nf6 5. Nc3 a6 6. Be3 e6 7. Bd3 Be7 8.
O-O Nbd7 9. f4 O-O 10. Qf3 Qc7 11. Rae1 Nc5 12. Qg3 Nxd3 13. cxd3 Re8 14.
e5 Nh5 15. Qf3 g6 16. g4 Ng7 17. Ne4 Qd8 18. Qh3 f5 19. exf6 Bxf6 20. Qh6
Rf8 21. Nf3 Ne8 22. Nfg5 Qc7 23. Rf3 Bxg5 24. Nxg5 Nf6 25. Rc1 Qe7 26. Bd4
Bd7 27. Rc7 Rac8 28. Bxf6 Rxf6 29. Qxh7+ Qxh7 30. Nxh7 Rxc7 31. Nxf6+ Kf7
32. g5 Bb5 33. Rh3 Rc1+ 34. Kf2 e5 35. Ke3 Ke6 36. fxe5 Kxe5 37. Ne4 Rd1
38. Nf2 Re1+ 39. Kd2 Rb1 40. Nd1 Ra1 41. Rf3 Rxa2 42. Rf6 d5 43. Rxg6 d4
44. h4 Ba4 45. Rb6 Bc6 46. h5 Kf5 47. h6 Kg6 48. Nf2 Ra5 49. Ne4 Kh7 50.
Rb4 Bxe4 51. dxe4 Rxg5 52. Rxb7+ Kxh6 53. Kd3 Rg2 54. Kxd4 Kg6 55. Ke5 Rc2
56. Ke6 Rc6+ 57. Kd5 Rc2 58. b3 Rc3 59. e5 Kf5 60. Rf7+ Kg6 61. Rf6+ Kg7
62. Rxa6 Rxb3 63. Ke6 Kf8 64. Ra8+ Kg7 65. Rd8 Re3 66. Rc8 Re1 67. Rc4 Kf8
68. Rf4+ Kg7 69. Kd6 Ra1 70. Rc4 Rd1+ $2 { The losing move. Per tablebases,
Ra2/a3/a5/a6+/a7/a8/b1 and Kg6/f7/f8 draw. } 71. Ke7 Ra1 72. Rg4+ Kh6 73.
e6 Ra8 74. Kf7 1-0

[Event "Dun Laoghaire Centenary IM 2010"]
[Site "Dun Laoghaire IRL"]
[Date "2010.08.25"]
[Round "5"]
[White "Ansell, Simon"]
[Black "Cech, Pavel"]
[Result "1/2-1/2"]
[WhiteTitle "IM"]
[BlackTitle "IM"]
[WhiteElo "2398"]
[BlackElo "2410"]
[WhiteNationality "ENG"]
[BlackNationality "CZE"]
[WhiteFideId "402141"]
[BlackFideId "302139"]
[PlyCount "82"]
[EventDate "2010.08.21"]
[Source "TWIC 825"]
[EventFullName "D&uacute;n Laoghaire Centenary IM 2010"]
[BlackFullName "&#268;ech, Pavel"]

{ Event information: <a
href="http://www.irlchess.com/dunlaoghaireim2010_allfiles/pairings_dunlaoghaireim2010.html">Tournament
report</a>. }

1. d4 d5 2. Nf3 Nf6 3. c4 c6 4. e3 Bf5 5. Nc3 e6 6. Nh4 Bg6 7. Be2 Nbd7 8.
O-O dxc4 9. Nxg6 hxg6 10. Bxc4 Be7 11. f4 O-O 12. Bb3 c5 13. d5 exd5 14.
Nxd5 Nb6 15. Nxb6 Qxb6 16. Qf3 Rad8 17. Kh1 Qb4 18. Bc2 Rd7 19. e4 Qc4 20.
Bb1 Rfd8 21. Be3 Ng4 22. Bg1 Qxf1 23. Qxf1 Rd1 24. Bc2 Rxf1 25. Rxf1 Rd2
26. Bd1 Nf6 27. e5 Nd5 28. Bf3 b5 29. a3 Nb6 30. Rf2 Rxf2 31. Bxf2 Nc4 32.
b4 cxb4 33. axb4 Bxb4 34. Bxa7 Bd2 35. g3 g5 36. Bc6 gxf4 37. Bxb5 Nxe5 38.
Bb8 Ng6 39. Kg2 fxg3 40. hxg3 Bc3 41. Bd3 Nh8 1/2-1/2